Las clases sociales en la capitalismo actual
Сохранить в:
| Главный автор: | |
|---|---|
| Формат: | Текст |
| Опубликовано: |
México D.F.:
Siglo Veintiuno
|
| Метки: |
Добавить метку
Нет меток, Требуется 1-ая метка записи!
|
MARC
| LEADER | 00000 a a2200000 04500 | ||
|---|---|---|---|
| 001 | 23680 | ||
| 003 | |||
| 040 | |||
| 090 | |a 164000 | ||
| 100 | |a Poulantzas, Nicos | ||
| 245 | |a Las clases sociales en la capitalismo actual | ||
| 260 | |a México D.F.: |b Siglo Veintiuno | ||
| 300 | |a 312 p. |b **no definido** | ||
| 999 | |c 17440 |d 17440 | ||
